000 00931cam a2200217 4500
001 WB3704-17
008 000000n2001 000 0 eng u
035 _a(Sirsi) u110540
245 _aLate payment of rent
260 _c2001
490 _aEstates Gazette
_v(0103) 20 January 2001, 129(1)
520 _aIn a recent case, the High Court has ruled that late payment of rent can serve to deprive a tenant of its option to break its lease. Where payment of rent by a posted cheque is requested, payment occurs on the date of posting. However the late payment of rent can be considered a material breach that deprives the tenant of its option to break.
590 _aWB
650 _aCOMMERCIAL UNION LIFE ASSURANCE CO LTD V LABEL INK LTD
650 _aLATE PAYMENT
650 _aMATERIAL BREACH
650 _aCOMMERCIAL LEASES
650 _aBREAK OPTIONS
690 _aLANDLORD AND TENANT-LEASES-CASE LAW
942 _n0
999 _c65895
_d65895